[Event "Match"]
[Site "www.echecsemail.com"]
[Date "2018.08.19"]
[Round "1"]
[White "Whitekknight"]
[Black "Gilliere"]
[WhiteElo "1890"]
[BlackElo "1960"]
[Result "1/2-1/2"]
[Round "1"]
1.e4 c5
2.Ng1f3 d6
3.Bf1c4 Ng8f6
4.Nb1c3 h6
5.d4 cxd4
6.Nf3xd4 a6
7.O-O e5
8.Nd4f3 Bf8e7
9.Bc1d2 O-O
10.Rf1e1 Nb8c6
11.Nc3d5 b5
12.Bc4b3 Bc8b7
13.Nd5xe7 Nc6xe7
14.Bd2c3 Bb7xe4
15.Qd1e2 Be4xf3
16.Qe2xf3 Ne7g6
17.Ra1d1 e4
18.Qf3e3 Rf8e8
19.Bc3xf6 Qd8xf6
20.Bb3d5 Ra8b8
21.c3 Re8e5
22.Qe3d4 Rb8e8
23.g3 Qf6f3
24.Re1e3 Qf3g4
25.f3 Qg4h3
26.Bd5xe4 Qh3e6
27.Qd4xd6 Ng6f8
28.b3 f5
29.Qd6xe6 Nf8xe6
30.Be4c6 Re5xe3
31.Bc6xe8 Re3xc3
32.f4 Kh7
33.Rd1d2 Rc3c1
34.Kg2 Ne6c5
35.Be8f7 Nc5e4
36.Rd2e2 Rc1c7
37.Bf7h5 Ne4f6
38.Bh5f3 Kg6
39.Re2e6 Rc7c2
40.Re6e2 Rc2xe2
41.Bf3xe2 Nf6d5
42.Be2f3 Nd5c3
43.a3 a5
44.b4 axb4
45.axb4 Nc3a2
46.Bf3c6 Na2xb4
47.Bc6xb5 Kf6
48.Kf3 Nb4d5
49.Bb5c4 Nd5e7
50.Bc4f1 g6
{ draw }
1/2-1/2

[Event "Match"]
[Site "www.echecsemail.com"]
[Date "2018.08.19"]
[Round "1"]
[White "Jackbauer"]
[Black "Apdash"]
[WhiteElo "1780"]
[BlackElo "1840"]
[Result "0-1"]
[Round "1"]
1.e4 e6
2.f4 d5
3.e5 g6
4.Ng1f3 Bf8g7
5.d4 Nb8d7
6.Nb1c3 c5
7.Bf1e2 a6
8.Bc1e3 cxd4
9.Be3xd4 Ng8e7
10.O-O Ne7f5
11.Bd4f2 b5
12.a3 O-O
13.b3 f6
14.g4 Nf5h6
15.h3 fxe5
16.Bf2h4 Qd8b6
17.Bh4f2 Qb6d6
18.Nc3e4 Qd6c7
19.Ne4d2 exf4
20.g5 Nh6f5
21.Be2d3 e5
22.Bd3xf5 Rf8xf5
23.h4 e4
24.Nf3d4 Bg7xd4
25.Bf2xd4 f3
26.Kf2 Qc7h2
27.Ke3 Qh2xh4
28.Rf1g1 Qh4f4
29.Kf2 Nd7e5
30.Bd4xe5 Rf5xe5
31.Kf1 Bc8h3
32.Kf2 e3
{ resign }
0-1

[Event "Tourn. n9890"]
[Site "www.echecsemail.com"]
[Date "2018.08.19"]
[Round "1"]
[White "Luban"]
[Black "Apdash"]
[WhiteElo "2040"]
[BlackElo "1880"]
[Result "1-0"]
[Round "1"]
1.d4 d5
2.Ng1f3 Ng8f6
3.h3 g6
4.e3 Bf8g7
5.c4 O-O
6.Nb1c3 dxc4
7.Bf1xc4 e6
8.O-O c6
9.e4 b5
10.Bc4d3 a6
11.a3 Nb8d7
12.b4 Nd7b6
13.Bc1e3 a5
14.Qd1c2 Qd8e7
15.d5 Nb6c4
16.Be3c5 Qe7d8
17.Bc5xf8 Qd8xf8
18.Bd3xc4 bxc4
19.dxc6 axb4
20.axb4 Ra8xa1
21.Rf1xa1 Nf6xe4
22.Nc3xe4 Bg7xa1
23.Qc2xc4 f5
24.Ne4c5 Qf8d6
25.b5 Kg7
26.Nc5b7 Qd6c7
27.Qc4a4 Ba1f6
28.Qa4a5 Qc7b8
29.b6 Bc8xb7
30.cxb7 Qb8xb7
31.Qa5a7 Qb7e7
32.b7 { resign }
1-0

[Event "Match"]
[Site "www.echecsemail.com"]
[Date "2018.08.19"]
[Round "1"]
[White "Numanoid"]
[Black "Gidgud"]
[WhiteElo "2540"]
[BlackElo "2360"]
[Result "1-0"]
[Round "1"]
1.e4 e6
2.d4 d5
3.e5 c5
4.c3 Nb8c6
5.Ng1f3 cxd4
6.cxd4 Bf8b4
7.Nb1c3 Bc8d7
8.Bf1d3 Ra8c8
9.O-O Bb4e7
10.Bc1e3 Nc6a5
11.Qd1e2 Be7b4
12.Nc3b5 a6
13.Nb5d6 Bb4xd6
14.exd6 Qd8b6
15.Be3f4 Ng8f6
16.Bf4e5 Qb6d8
17.Rf1c1 O-O
18.Rc1xc8 Bd7xc8
19.Nf3g5 g6
20.Qe2f3 Nf6d7
21.Qf3h5 { resign }
1-0

[Event "Tourn. n9846"]
[Site "www.echecsemail.com"]
[Date "2018.08.19"]
[Round "1"]
[White "Bira47"]
[Black "Odin"]
[WhiteElo "1930"]
[BlackElo "1820"]
[Result "1-0"]
[Round "1"]
1.c4 e5
2.g3 d5
3.Bf1g2 c6
4.cxd5 cxd5
5.a3 Ng8f6
6.Nb1c3 e4
7.h3 Bf8c5
8.e3 Nb8c6
9.Nc3a4 Bc5e7
10.b4 d4
11.Ng1e2 O-O
12.exd4 Nc6xd4
13.Ne2xd4 Rf8e8
14.Nd4e2 Bc8f5
15.g4 Bf5g6
16.O-O Ra8b8
17.Ne2f4 Qd8d4
18.d3 Rb8d8
19.Bc1b2 Qd4d7
20.d4 Nf6d5
21.Nf4xg6 fxg6
22.Na4c5 Be7xc5
23.dxc5 Nd5f4
24.Qd1xd7 Rd8xd7
25.Rf1e1 Rd7d2
26.Bb2c1 Nf4xg2
27.Kxg2 Rd2d3
28.Bc1e3 h5
29.gxh5 gxh5
30.Ra1d1 Rd3xa3
31.Rd1d7 b6
32.cxb6 axb6
33.Be3xb6 Ra3b3
34.Bb6c5 g5
35.Rd7e7 Re8a8
36.Re7xe4 h4
37.Re4e8 Ra8xe8
38.Re1xe8 Kf7
39.Re8f8 Kg7
40.Rf8f3 Rb3b1
41.Bc5e7 Kg6
42.Rf3f6 Kg7
43.Rf6b6 g4
44.hxg4 Rb1e1
45.Be7xh4 Re1e4
46.f3 Re4c4
47.b5 Rc4c2
48.Bh4f2 Rc2b2
49.Kg3 Rb2b3
50.Rb6b7 Kf6
51.b6 Kg6
52.Rb7c7 Rb3b5
53.b7 Rb5b1
54.Bf2a7 { resign }
1-0

[Event "Match"]
[Site "www.echecsemail.com"]
[Date "2018.08.19"]
[Round "1"]
[White "Cal"]
[Black "Joskomol"]
[WhiteElo "1760"]
[BlackElo "1809"]
[Result "0-1"]
[Round "1"]
1.c4 e5
2.e4 Nb8c6
3.a3 Bf8c5
4.Ng1f3 Ng8f6
5.Nb1c3 d6
6.d3 Nf6g4
7.Bc1e3 Ng4xe3
8.fxe3 Bc5xe3
9.Bf1e2 a5
10.Nc3d5 Be3c5
11.h3 O-O
12.Qd1d2 a4
13.b4 axb3
14.a4 Nc6d4
15.Nf3xd4 Bc5xd4
16.Qd2b4 Bd4xa1
17.Qb4xb3 Ba1d4
18.g3 c6
19.Nd5c3 Qd8g5
20.Kd1 Qg5xg3
21.Rh1f1 c5
22.Nc3d5 Bc8xh3
23.Nd5e7 Kh8
24.Rf1h1 Bh3d7
25.Qb3b6 Bd7xa4
26.Kc1 Qg3e3
27.Kb1 Ba4c2
28.Kxc2 Qe3xe2
29.Kc1 Ra8a1
30.Qb6b1 Bd4b2
{ resign }
0-1

[Event "Tourn. n9899"]
[Site "www.echecsemail.com"]
[Date "2018.08.19"]
[Round "1"]
[White "Apdash"]
[Black "Falcoale"]
[WhiteElo "1950"]
[BlackElo "1930"]
[Result "0-1"]
[Round "1"]
1.d4 Ng8f6
2.c4 e6
3.Nb1c3 Bf8b4
4.Bc1d2 O-O
5.e3 d5
6.a3 Bb4e7
7.Ng1f3 c5
8.dxc5 Be7xc5
9.b4 Bc5e7
10.cxd5 Nf6xd5
11.Qd1b3 Nd5xc3
12.Bd2xc3 Nb8c6
13.Ra1d1 Qd8e8
14.b5 Nc6b8
15.Bf1d3 Nb8d7
16.Qb3c2 g6
17.O-O Nd7c5
18.Bd3c4 b6
19.Bc3b2 Bc8b7
20.Qc2c3 f6
21.Nf3g5 h6
22.Ng5xe6 Nc5xe6
23.Bc4xe6 Kg7
24.Rd1d7 Bb7c8
25.Qc3xf6 Rf8xf6
26.Bb2xf6 Kxf6
{ resign }
0-1

[Event "Tourn. n9887"]
[Site "www.echecsemail.com"]
[Date "2018.08.19"]
[Round "1"]
[White "Apdash"]
[Black "Osopanda"]
[WhiteElo "1840"]
[BlackElo "1840"]
[Result "1-0"]
[Round "1"]
1.e4 e5
2.Ng1f3 Nb8c6
3.Nb1c3 Ng8f6
4.Bf1b5 d6
5.d4 exd4
6.Nf3xd4 Bc8d7
7.Nd4xc6 bxc6
8.Bb5c4 Bf8e7
9.O-O O-O
10.Qd1e2 Bd7e6
11.Bc4a6 Ra8b8
12.b3 Nf6d7
13.Bc1e3 c5
14.Nc3d5 Be6xd5
15.exd5 Nd7e5
16.Ra1d1 Rb8b4
17.f4 Ne5g6
18.Ba6b5 Be7f6
19.a3 Rb4e4
20.Qe2d3 Qd8e7
21.Be3d2 Re4d4
22.Qd3f3 Qe7e4
23.Qf3xe4 Rd4xe4
{ time. }
1-0

[Event "Tourn. n9862"]
[Site "www.echecsemail.com"]
[Date "2018.08.19"]
[Round "1"]
[White "Piriot"]
[Black "Coolant"]
[WhiteElo "2380"]
[BlackElo "2390"]
[Result "1/2-1/2"]
[Round "1"]
1.Ng1f3 d5
2.d4 Nb8c6
3.Bc1f4 Bc8g4
4.Nb1d2 Ng8f6
5.e3 Nf6h5
6.Bf4g5 h6
7.Bg5h4 g5
8.Bh4g3 Nh5xg3
9.hxg3 Bf8g7
10.c3 O-O
11.Qd1b3 Qd8d6
12.e4 dxe4
13.Nd2xe4 Qd6g6
14.Bf1d3 Bg4f5
15.Qb3c2 e5
16.dxe5 Nc6xe5
17.Nf3xe5 Bg7xe5
18.O-O-O Ra8d8
19.Ne4f6 Qg6xf6
20.Bd3xf5 Rd8xd1
21.Rh1xd1 Rf8d8
22.Rd1xd8 Qf6xd8
23.Qc2d2 Qd8xd2
24.Kxd2 Kg7
25.g4 { draw }
1/2-1/2

[Event "Tourn. n9900"]
[Site "www.echecsemail.com"]
[Date "2018.08.19"]
[Round "1"]
[White "Roque1"]
[Black "Ladyuzbetova"]
[WhiteElo "1730"]
[BlackElo "1619"]
[Result "1-0"]
[Round "1"]
1.e4 e5
2.Ng1f3 Nb8c6
3.Bf1b5 Ng8f6
4.d3 d6
5.O-O a6
6.Bb5a4 b5
7.Ba4b3 Bf8e7
8.Bc1e3 Nc6a5
9.Nb1d2 O-O
10.c3 c5
11.Qd1e2  { time }
1-0

[Event "Match"]
[Site "www.echecsemail.com"]
[Date "2018.08.19"]
[Round "1"]
[White "Alessiov"]
[Black "Minorsana"]
[WhiteElo "2260"]
[BlackElo "1459"]
[Result "1-0"]
[Round "1"]
1.e4 e5
2.Ng1f3 Nb8c6
3.Bf1b5 a6
4.Bb5a4 Ng8f6
5.O-O b5
6.Ba4b3 d5
7.exd5 Nf6xd5
8.Bb3xd5 Qd8xd5
9.Nf3xe5 Qd5xe5
10.d4 Qe5xd4
11.Qd1xd4 Nc6xd4
12.Nb1c3 Bc8d7
13.Bc1e3 Nd4xc2
14.Ra1c1 Nc2xe3
15.fxe3 Bf8b4
16.Nc3d5 Bd7e6
17.Nd5f4 Be6f5
18.b3 { resign }
1-0

[Event "Tourn. n9902"]
[Site "www.echecsemail.com"]
[Date "2018.08.19"]
[Round "1"]
[White "Grischuk2789"]
[Black "Jaroslavpech"]
[WhiteElo "2440"]
[BlackElo "2440"]
[Result "1/2-1/2"]
[Round "1"]
1.c4 e5
2.Nb1c3 Nb8c6
3.Ng1f3 f5
4.d4 e4
5.Nf3e5 Nc6xe5
6.dxe5 d6
7.Bc1f4 Ng8e7
8.e3 Ne7g6
9.Qd1h5 dxe5
10.Bf4xe5 { draw }
1/2-1/2

[Event "1/64 Finale"]
[Site "www.chess-mail.com"]
[Date "2018.08.19"]
[Round "1"]
[White "Esperanza"]
[Black "Madz123456"]
[WhiteElo "1730"]
[BlackElo "1660"]
[Result "0-1"]
[Round "1"]
1.d4 Ng8f6
2.c4 e6
3.Nb1c3 d5
4.cxd5 exd5
5.Bc1g5 c6
6.e3 h6
7.Bg5f4 Bc8f5
8.Ng1f3 Bf8d6
 { time }
0-1

[Event "Tourn. n9880"]
[Site "www.echecsemail.com"]
[Date "2018.08.20"]
[Round "1"]
[White "Sachpat"]
[Black "Cathar"]
[WhiteElo "2820"]
[BlackElo "2400"]
[Result "1-0"]
[Round "1"]
1.e4 e6
2.d4 d5
3.exd5 exd5
4.c4 Ng8f6
5.Ng1f3 Bf8e7
6.Nb1c3 O-O
7.Bf1d3 Nb8c6
8.O-O Nc6b4
9.Bd3e2 dxc4
10.Be2xc4 Nb4d5
11.Rf1e1 c6
12.Bc1g5 Bc8e6
13.Qd1b3 Ra8b8
14.Bg5h4 Nd5c7
15.Bc4xe6 Nc7xe6
16.Re1xe6 fxe6
17.Bh4g3 Rb8c8
18.Nf3g5 Qd8d7
19.Ng5xe6 Rf8f7
20.Ne6g5 { resign }
1-0

[Event "Match"]
[Site "www.echecsemail.com"]
[Date "2018.08.20"]
[Round "1"]
[White "Gidgud"]
[Black "Add"]
[WhiteElo "2350"]
[BlackElo "2240"]
[Result "1-0"]
[Round "1"]
1.e4 d5
2.exd5 Qd8xd5
3.Nb1c3 Qd5e5
4.Bf1e2 c6
5.d4 Qe5a5
6.Bc1d2 e6
7.Ng1f3 Qa5d8
8.O-O h6
9.Rf1e1 Ng8f6
10.Bd2f4 Nb8d7
11.a3 Nd7b6
12.Nf3e5 a6
13.Be2f3 Nb6d5
14.Nc3xd5 cxd5
15.c4 Bf8e7
16.Ra1c1 O-O
17.Bf3h5 dxc4
18.Rc1xc4 Bc8d7
19.Ne5xd7 Qd8xd7
20.Rc4c7 Qd7d8
21.Bh5f3 Be7d6
22.Bf4xd6 Qd8xd6
23.Rc7xb7 Nf6d5
24.Bf3xd5 Qd6xd5
25.Rb7b3 Rf8d8
26.Rb3d3 Ra8b8
27.Re1e5 Qd5a2
28.b4 Rd8d5
29.Re5e2 Qa2c4
30.Re2c2 Qc4b5
31.Rc2c5 Qb5b6
32.Rc5xd5 exd5
33.h4 a5
34.Rd3b3 Qb6f6
35.Qd1g4 axb4
36.axb4 Qf6d6
37.b5 Rb8a8
38.Qg4g3 Qd6xg3
39.fxg3 Ra8b8
40.Kf2 f6
41.Ke2 Kf7
42.Kd3 Ke6
43.Kc3 Kd6
44.Kb4 g5
45.Rb3c3 { resign }
1-0

[Event "Match"]
[Site "www.echecsemail.com"]
[Date "2018.08.20"]
[Round "1"]
[White "Whitekknight"]
[Black "J1j6"]
[WhiteElo "1910"]
[BlackElo "1930"]
[Result "0-1"]
[Round "1"]
1.e4 e5
2.Ng1f3 Nb8c6
3.Bf1c4 Ng8f6
4.Nf3g5 d5
5.exd5 Nc6a5
6.Qd1e2 Na5xc4
7.Qe2xc4 Nf6xd5
8.d3 c6
9.Nb1c3 f6
10.Ng5f3 Bc8e6
11.Nc3xd5 Be6xd5
12.Qc4c3 Bd5xf3
13.gxf3 a5
14.a3 Qd8b6
15.Bc1e3 Qb6c7
16.O-O-O b5
17.Kb1 b4
18.Qc3c4 bxa3
19.Be3c5 Qc7b7
20.b3 Bf8xc5
21.Qc4xc5 a4
22.b4 Ra8b8
23.c3 Kf7
24.Ka2 Rh8d8
25.Kxa3 Rd8d5
26.Qc5c4 Qb7b6
27.Rh1f1 Qb6a7
28.Qc4xc6 Rb8d8
29.Qc6c4 Qa7d7
30.Rd1d2 Kf8
31.Rf1d1 Rd8b8
32.Rd2b2 f5
33.Rd1d2 Rb8c8
34.Qc4a6 Rc8xc3
35.Ka2 Rd5xd3
36.Rd2xd3 Rc3xd3
37.Qa6a8 Kf7
38.h4 Qd7e6
39.Ka1 Rd3d1
40.Rb2b1 Rd1d2
41.Qa8b7 Kf6
42.Rb1b2 Rd2xb2
43.Kxb2 Qe6b3
44.Ka1 Kg6
45.Qb7c6 Kh5
46.Qc6c1 Kxh4
47.Qc1h1 Kg5
48.Qh1c1 f4
49.Qc1c7 Qb3d1
50.Kb2 Qd1b3
51.Ka1 Kf6
52.Qc7d6 Qb3e6
53.Qd6f8 Kg6
54.Qf8a8 h5
55.Qa8xa4 h4
56.Qa4d1 h3
57.Qd1g1 Kh6
58.Kb2 g5
59.Ka3 Kh5
60.Qg1h2 Kh4
61.Qh2g1 g4
62.fxg4 Qe6xg4
63.Qg1e1 Qg4f3
64.Ka4 h2
65.Qe1xe5 Qf3xf2
66.Qe5f6 Kg3
67.Qf6g5 Kh3
68.Qg5f5 Kg2
69.Qf5g4 Qf2g3
70.Qg4e2 Qg3f2
71.Qe2e4 f3
72.Qe4g4 Qf2g3
73.Qg4h5 h1Q
{ resign }
0-1

[Event "Tourn. n9848"]
[Site "www.echecsemail.com"]
[Date "2018.08.20"]
[Round "1"]
[White "Kevinking"]
[Black "Welberth"]
[WhiteElo "1940"]
[BlackElo "2020"]
[Result "1/2-1/2"]
[Round "1"]
1.e4 a6
2.d4 b5
3.Ng1f3 Bc8b7
4.Bf1d3 e6
5.O-O c5
6.Rf1e1 Nb8c6
7.c3 Ng8f6
8.Bc1g5 Bf8e7
9.Nb1d2 cxd4
10.Nf3xd4 h6
11.Nd4xc6 Bb7xc6
12.Bg5f4 Ra8c8
13.Qd1e2 d5
14.exd5 Nf6xd5
15.Bf4g3 O-O
16.Ra1d1 Qd8a5
17.a3 Be7f6
18.Nd2b3 Qa5b6
19.h3 Bf6xc3
20.Nb3d2 Bc3xb2
21.Nd2e4 Bb2xa3
22.Bg3e5 Ba3b4
23.Be5xg7 Nd5f4
24.Ne4f6 Kxg7
25.Nf6h5 Nf4xh5
26.Qe2g4 Kf6
27.Qg4h4 Kg7
28.Qh4g4 Kf6
29.Qg4h4 Kg7
30.Qh4g4 Kf6
31.Qg4xb4 Rf8g8
32.Qb4h4 Kg7
33.Qh4xh5 Kf8

1/2-1/2

[Event "Tourn. n9906"]
[Site "www.echecsemail.com"]
[Date "2018.08.20"]
[Round "1"]
[White "Iituchess"]
[Black "Cathar"]
[WhiteElo "2559"]
[BlackElo "2420"]
[Result "1-0"]
[Round "1"]
1.e4 e6
2.d4 d5
3.Nb1c3 Bf8b4
4.exd5 exd5
5.Bf1d3 Nb8c6
6.Ng1e2 Ng8e7
7.O-O Bc8f5
8.Ne2f4 Qd8d7
9.Bd3xf5 Qd7xf5
10.Nc3e2 O-O
11.c3 Bb4d6
12.Ne2g3 Qf5d7
13.Nf4d3 Ne7g6
14.f4 f5
15.Qd1b3 Ng6e7
16.Qb3xb7 Ra8b8
17.Qb7a6 { resign }
1-0

[Event "Match"]
[Site "www.echecsemail.com"]
[Date "2018.08.20"]
[Round "1"]
[White "Guidom"]
[Black "Apdash"]
[WhiteElo "2160"]
[BlackElo "2110"]
[Result "1-0"]
[Round "1"]
1.e4 e5
2.Ng1f3 Nb8c6
3.Bf1b5 Ng8e7
4.d3 a6
5.Bb5a4 b5
6.Ba4b3 d5
7.exd5 Ne7xd5
8.O-O Bc8e6
9.Rf1e1 Bf8d6
10.Nf3g5 Nd5f4
11.Bc1xf4 exf4
12.Ng5xe6 fxe6
13.Bb3xe6 Kf8
14.Qd1h5 Qd8f6
15.Be6d7 Nc6e5
16.Bd7h3 h6
17.Nb1c3 g6
18.Qh5d1 Kg7
19.Nc3e4 Qf6d8
20.d4 Ne5c6
21.c3 Qd8h4
22.Ne4xd6 cxd6
23.Bh3e6 Nc6e7
24.Qd1d3 Rh8f8
25.g3 fxg3
26.hxg3 Qh4f6
27.Re1e2 Ra8a7
28.Ra1e1 Ne7c6
29.Be6d5 Nc6e7
30.Bd5g2 h5
31.f3 Ne7f5
32.Re2e6 Qf6g5
33.f4 Qg5xg3
34.Qd3xg3 Nf5xg3
35.Re6xd6 Rf8xf4
36.Re1e6 Rf4g4
37.Rd6xa6 Ra7xa6
38.Re6xa6 Ng3e2
39.Kf2 Ne2f4
40.Bg2f3 Rg4g5
41.Bf3e4 h4
42.a4 bxa4
43.Ra6xa4 h3
44.Ra4a1 Kh6
45.b4 Kh5
46.c4 Kh4
47.b5 h2
48.Ra1h1 Nf4h3
49.Ke2 Kg3
50.b6 Rg5h5
51.b7 Rh5h8
52.c5 Nh3f2
53.Be4d5 Rh8e8
54.Kd2 Nf2xh1
55.Bd5xh1 Kf2
56.c6 Kg1
57.Bh1d5 Re8d8
58.c7 Rd8xd5
59.b8Q h1Q
60.Qb8b1 Kh2
61.Qb1xh1 Kxh1
62.c8Q Rd5xd4
63.Ke3 Rd4d6
64.Qc8h3 { resign }
1-0

[Event "Match"]
[Site "www.echecsemail.com"]
[Date "2018.08.20"]
[Round "1"]
[White "Karlgrocer"]
[Black "Cvilhena1976"]
[WhiteElo "1970"]
[BlackElo "2150"]
[Result "0-1"]
[Round "1"]
1.d4 Ng8f6
2.e3 d5
3.Ng1f3 e6
4.Bf1e2 Bf8e7
5.O-O c5
6.b3 O-O
7.Bc1b2 cxd4
8.Nf3xd4 e5
9.Nd4f3 e4
10.Nf3d4 Nb8c6
11.Nb1d2 Nc6xd4
12.Bb2xd4 Bc8f5
13.c4 Ra8c8
14.a3 dxc4
15.Nd2xc4 Bf5e6
16.Ra1b1 b5
17.Nc4d2 Qd8d5
18.Bd4xa7 Be7xa3
19.b4 Qd5c6
20.Ba7c5 Rf8d8
 { time }
0-1

[Event "Match"]
[Site "www.echecsemail.com"]
[Date "2018.08.20"]
[Round "1"]
[White "Comrade"]
[Black "Alekpax"]
[WhiteElo "2250"]
[BlackElo "2390"]
[Result "0-1"]
[Round "1"]
1.c4 Ng8f6
2.Nb1c3 e5
3.g3 Bf8b4
4.Bf1g2 O-O
5.a3 Bb4xc3
6.dxc3 d6
7.Bc1g5 Nb8d7
8.Ng1f3 h6
9.Bg5xf6 Qd8xf6
10.O-O a5
11.b4 Qf6e7
12.Qd1c2 Nd7b6
13.Nf3d2 f5
14.Bg2d5 Kh8
15.b5 { time. }
0-1

[Event "Match"]
[Site "www.echecsemail.com"]
[Date "2018.08.20"]
[Round "1"]
[White "Minorsana"]
[Black "Bjonil60"]
[WhiteElo "1459"]
[BlackElo "1490"]
[Result "1-0"]
[Round "1"]
1.e4 Nb8c6
2.d4 e6
3.Ng1f3 Qd8e7
4.Bf1e2 d6
5.c4 Ng8f6
6.Nb1c3 a6
7.h3 Bc8d7
8.O-O O-O-O
9.Bc1e3 h6
10.b4 Nc6xb4
11.Qd1b3 a5
12.a3 Nb4c6
13.Rf1b1 b6
14.c5 dxc5
15.dxc5 bxc5
16.Be2a6 
1-0

[Event "Tourn. n9874"]
[Site "www.echecsemail.com"]
[Date "2018.08.20"]
[Round "1"]
[White "Ladyuzbetova"]
[Black "Redapond1"]
[WhiteElo "1299"]
[BlackElo "1400"]
[Result "0-1"]
[Round "1"]
1.d4 d5
2.Bc1f4 Nb8c6
3.Ng1f3 Bc8f5
4.e3 Nc6b4
5.Bf1d3 Bf5xd3
6.cxd3 e6
7.O-O Bf8d6
8.Bf4e5 Bd6xe5
9.Nf3xe5 Ng8f6
10.Qd1a4 Nb4c6
11.Ne5xc6 bxc6
12.Qa4xc6 Nf6d7
13.Rf1c1 O-O
14.Nb1d2 Nd7b6
 { time }
0-1

[Event "Tourn. n9900"]
[Site "www.echecsemail.com"]
[Date "2018.08.20"]
[Round "1"]
[White "Ladyuzbetova"]
[Black "Cal"]
[WhiteElo "1619"]
[BlackElo "1750"]
[Result "0-1"]
[Round "1"]
1.e4 e5
2.Ng1f3 d6
3.d4 exd4
4.Nf3xd4 c5
5.Bf1b5 Bc8d7
6.Bb5xd7 Nb8xd7
7.Nd4f5 Nd7f6
8.Nb1c3 h6
9.Bc1f4 Qd8d7
10.Nf5xd6 Bf8xd6
11.Bf4xd6 h5
12.e5 Qd7e6
13.Qd1f3 Nf6d7
14.Qf3xb7 Ra8d8
 { time }
0-1

[Event "Match"]
[Site "www.echecsemail.com"]
[Date "2018.08.20"]
[Round "1"]
[White "Minorsana"]
[Black "Whitekknight"]
[WhiteElo "1459"]
[BlackElo "1880"]
[Result "1-0"]
[Round "1"]
1.e4 e5
2.Ng1f3 Nb8c6
3.Bf1c4 h6
4.O-O Bf8c5
5.c3 Ng8f6
6.d4 exd4
7.cxd4 Bc5b6
8.e5 Nf6h7
9.d5 Nc6e7
10.d6 cxd6
11.exd6 Ne7c6
12.Rf1e1 Kf8
13.Nb1c3 Nh7f6
14.Nf3e5 Nc6xe5
15.Re1xe5 Nf6h7
16.Re5e7 Nh7f6
17.Re7xf7 { resign }
1-0

[Event "Tourn. n9891"]
[Site "www.echecsemail.com"]
[Date "2018.08.20"]
[Round "1"]
[White "Luban"]
[Black "Cvilhena1976"]
[WhiteElo "2040"]
[BlackElo "2150"]
[Result "0-1"]
[Round "1"]
1.d4 c5
2.e3 d5
3.c4 Ng8f6
4.h3 Nb8c6
5.Ng1f3 cxd4
6.exd4 Bc8e6
7.cxd5 Be6xd5
8.Bf1e2 Qd8b6
9.Nb1c3 Bd5xf3
10.Be2xf3 Nc6xd4
11.Bc1e3 Nd4xf3
12.gxf3 Qb6xb2
13.Qd1a4 Nf6d7
14.Ra1c1 e6
15.O-O Qb2b4
16.Qa4xb4 Bf8xb4
17.Nc3b5 O-O
18.Rc1c7 Nd7e5
19.f4 Ne5f3
20.Kh1 a6
21.Nb5d4 Nf3xd4
22.Be3xd4 b5
23.Bd4e5 Rf8d8
24.Rf1g1 Bb4f8
25.h4 Rd8d2
26.Rg1c1 f6
27.Be5a1 Rd2xf2
{ resign }
0-1

[Event "Tourn. n9903"]
[Site "www.echecsemail.com"]
[Date "2018.08.20"]
[Round "1"]
[White "Alessiov"]
[Black "Apdash"]
[WhiteElo "2260"]
[BlackElo "2000"]
[Result "1-0"]
[Round "1"]
1.e4 c5
2.Ng1f3 d6
3.d4 cxd4
4.Nf3xd4 Nb8c6
5.Nb1c3 Nc6xd4
6.Qd1xd4 Ng8f6
7.Bc1g5 e5
8.Qd4a4 Bc8d7
9.Bf1b5 Bf8e7
10.Bg5xf6 Be7xf6
11.O-O-O Bd7xb5
12.Qa4xb5 Qd8d7
13.Rd1xd6 Qd7xb5
14.Nc3xb5 Bf6d8
15.Rd6d5 f6
16.Nb5d6 Ke7
17.Nd6f5 Kf8
18.Rh1d1 Bd8b6
19.Rd5d7 g6
20.Nf5g7 Rh8g8
21.Ng7e6 Ke8
22.Rd7xb7 Bb6xf2
23.Rd1d7 { resign }
1-0

[Event "Tourn. n9877"]
[Site "www.echecsemail.com"]
[Date "2018.08.20"]
[Round "1"]
[White "Apdash"]
[Black "Falcoale"]
[WhiteElo "1810"]
[BlackElo "1890"]
[Result "1-0"]
[Round "1"]
1.e4 c5
2.Ng1f3 e6
3.d4 cxd4
4.Nf3xd4 Nb8c6
5.Bf1c4 a6
6.O-O Ng8f6
7.Nb1c3 b5
8.Nd4xc6 dxc6
9.Qd1xd8 Kxd8
10.Bc4d3 Bf8e7
11.Bc1e3 Kc7
12.Be3f4 Kb7
13.h3 Nf6h5
14.Bf4e3 Nh5f6
15.a3 h6
16.f4 Nf6d7
17.b4 g5
18.fxg5 hxg5
19.Rf1xf7 Be7d8
20.Ra1f1 Kb8
21.Rf7g7 Bd8f6
22.Rg7xd7 Bf6xc3
23.Rd7f7 g4
24.Be3b6 Bc3e5
25.hxg4 Rh8g8
26.c4 Rg8h8
27.Rf7e7 Be5h2
28.Kf2 Bh2d6
29.Re7f7 Rh8f8
30.Ke3 Rf8g8
31.c5 Bd6e5
32.Bd3e2 Rg8g7
33.Rf7xg7 Be5xg7
34.Kf4 Kb7
35.e5 Bc8d7
36.Rf1h1 Ra8f8
37.Ke4 Rf8g8
38.g5 Bd7e8
39.Be2h5 Be8xh5
40.Rh1xh5 Rg8f8
41.Rh5h7 Rf8f7
42.Bb6d8 Kc8
43.Bd8f6 Bg7xf6
44.Rh7xf7 Bf6xg5
45.Rf7a7 Bg5d8
46.Kf4 Bd8c7
47.g4 Kb8
48.g5 Kxa7
49.g6 { resign }
1-0

[Event "Tourn. n9866"]
[Site "www.echecsemail.com"]
[Date "2018.08.20"]
[Round "1"]
[White "Cathar"]
[Black "Gvladutz"]
[WhiteElo "2310"]
[BlackElo "2550"]
[Result "0-1"]
[Round "1"]
1.c4 Ng8f6
2.g3 e5
3.Bf1g2 Nb8c6
4.Nb1c3 Bf8b4
5.Nc3d5 Bb4c5
6.e3 O-O
7.Ng1e2 a6
8.O-O d6
9.b3 Bc8f5
10.d4 Bc5a7
11.Bc1b2 Rf8e8
12.dxe5 dxe5
13.Ra1c1 Nf6e4
14.Ne2c3 Ne4c5
15.Bb2a1 Bf5d3
16.Rf1e1 Bd3g6
17.Re1f1 Nc6e7
18.Nd5xe7 Qd8xe7
19.Nc3d5 Qe7d8
20.Nd5c3 c6
21.Qd1xd8 Ra8xd8
22.Rc1d1 Nc5d3
23.Rd1d2 f5
24.Nc3d1 f4
25.e4 Bg6h5
26.Kh1 Bh5xd1
{ resign }
0-1

[Event "Fast Game"]
[Site "www.echecsemail.com"]
[Date "2018.08.20"]
[Round "1"]
[White "Alekpax"]
[Black "Madz123456"]
[WhiteElo "2189"]
[BlackElo "1799"]
[Result "1-0"]
[Round "1"]
1.e4 c5
2.Ng1f3 d6
3.d4 cxd4
4.Nf3xd4 Ng8f6
5.Nb1c3 a6
6.Bc1e3 e5
7.Nd4b3 Bf8e7
8.Bf1e2 O-O
9.g4 Bc8e6
10.g5 Nf6d7
11.h4 a5
12.f4 exf4
13.Be3xf4 a4
14.Nb3d4 a3
15.b3 Nb8c6
16.Nd4b5 Nc6b4
17.Qd1d2 Nd7e5
18.Nc3d5 Nb4xd5
19.exd5 Be6d7
20.O-O-O Qd8b6
21.Bf4e3 Qb6d8
22.Kb1 f6
23.gxf6 Rf8xf6
24.h5 h6
25.Nb5d4 Kh8
26.Rh1g1 Qd8c8
27.Qd2e1 Rf6f7
28.Qe1d2 Be7h4
29.Rg1g2 Bd7h3
30.Rg2g1 Bh4e7
31.Nd4b5  { time }
1-0

[Event "Tourn. n9765"]
[Site "www.chess-mail.com"]
[Date "2018.08.21"]
[Round "1"]
[White "Luizassis"]
[Black "Ladyuzbetova"]
[WhiteElo "1300"]
[BlackElo "1539"]
[Result "1-0"]
[Round "1"]
1.e4 h6
2.Bf1c4 d5
3.Bc4xd5 Ng8f6
4.Nb1c3 Nf6xd5
5.Nc3xd5 e5
6.Ng1f3 Bc8e6
7.Qd1e2 Nb8c6
8.c4 Be6g4
9.O-O Nc6d4
10.Qe2d3 Nd4xf3
11.gxf3 Bg4h3
12.Rf1e1 Qd8g5
13.Kh1  { time }
1-0

[Event "Match"]
[Site "www.echecsemail.com"]
[Date "2018.08.21"]
[Round "1"]
[White "J1j6"]
[Black "Gambitmiau"]
[WhiteElo "1940"]
[BlackElo "1960"]
[Result "1-0"]
[Round "1"]
1.e4 Nb8c6
2.Ng1f3 d5
3.exd5 Qd8xd5
4.Nb1c3 Qd5h5
5.Bf1e2 Bc8g4
6.d3 Bg4xf3
7.Be2xf3 Qh5e5
8.Bc1e3 O-O-O
9.O-O Nc6d4
10.Bf3e4 Kb8
11.Be3xd4 Qe5xd4
12.Qd1f3 c6
13.Qf3xf7 Ng8h6
14.Qf7f4 e5
15.Qf4g5 Nh6f7
16.Qg5e3 Bf8c5
17.Qe3xd4 Bc5xd4
18.Nc3a4 Nf7d6
19.c3 Nd6xe4
20.dxe4 Bd4b6
21.Na4xb6 axb6
22.Ra1d1 Rd8xd1
23.Rf1xd1 Kc7
24.g3 g5
25.Kg2 h5
26.Rd1d3 b5
27.b4 Rh8a8
28.Rd3d2 Ra8a3
29.Rd2c2 b6
30.h3 c5
31.h4 g4
32.bxc5 bxc5
33.Kf1 Kc6
34.Ke2 c4
35.Kd2 Kc5
36.Ke3 b4
37.Kd2 b3
38.axb3 cxb3
39.Rc2c1 b2
40.Rc1b1 Ra3b3
41.Kc2 Kc4
42.Rb1xb2 Rb3xc3
43.Kd2 Kd4
44.Rb2b4 Rc3c4
45.Rb4xc4 Kxc4
46.Ke3 Kc3
47.f4 exf4
48.Kxf4 Kd4
49.e5 Kd5
50.Kf5 Kd4
51.e6 Ke3
52.e7 Kf3
53.e8Q Kxg3
54.Qe8xh5 { resign }
1-0

[Event "Match"]
[Site "www.echecsemail.com"]
[Date "2018.08.21"]
[Round "1"]
[White "Grischuk2789"]
[Black "Gimmyg"]
[WhiteElo "2440"]
[BlackElo "2530"]
[Result "1/2-1/2"]
[Round "1"]
1.Ng1f3 c5
2.c4 Ng8f6
3.Nb1c3 b6
4.e3 Bc8b7
5.d4 cxd4
6.exd4 e6
7.a3 Nf6e4
8.Nc3xe4 Bb7xe4
9.Bf1d3 Be4xf3
10.Qd1xf3 Nb8c6
11.Qf3g3 Nc6xd4
12.Bc1g5 f6
13.Bg5e3 Nd4b3
14.Ra1d1 Kf7
15.O-O Ra8c8
16.Bd3c2 Nb3a5
17.Bc2a4 d6
18.b3 Na5b7
19.Ba4b5 Nb7c5
20.b4 { draw }
1/2-1/2

[Event "Tourn. n9870"]
[Site "www.echecsemail.com"]
[Date "2018.08.21"]
[Round "1"]
[White "Falcoale"]
[Black "Alekpax"]
[WhiteElo "1870"]
[BlackElo "1859"]
[Result "0-1"]
[Round "1"]
1.e4 e5
2.Ng1f3 Nb8c6
3.d4 exd4
4.Nf3xd4 Bf8c5
5.Nd4xc6 Qd8f6
6.Bc1e3 Bc5xe3
7.fxe3 Qf6h4
8.g3 Qh4xe4
9.Rh1g1 Qe4xe3
10.Qd1e2 Qe3xe2
11.Bf1xe2 dxc6
12.Nb1c3 Bc8e6
13.O-O-O Ng8f6
14.Rg1e1 O-O
15.Be2d3 Be6g4
16.Bd3e2 Rf8e8
17.Be2xg4 Nf6xg4
18.Re1xe8 Ra8xe8
19.h4 Ng4e5
20.Nc3a4 b6
21.b3 f6
22.Na4b2 c5
23.a3 Ne5c6
24.Nb2d3 Nc6d4
25.Nd3f4 Kf7
26.b4 g5
27.hxg5 fxg5
28.Nf4h5 Kg6
29.g4 Re8e4
30.Nh5g3 Re4xg4
31.Ng3f1 h5
32.Nf1e3 Rg4g3
33.Ne3d5 h4
34.Nd5xc7 h3
35.bxc5 h2
36.cxb6 Rg3g1
37.b7 Rg1xd1
38.Kxd1 h1Q
{ resign }
0-1